Imię + Nazwisko - Statystyki

Ogólne statystyki
  • Ten quiz został rozwiązany 180 razy
  • Średni wynik to 14 z 15
Statystyki odpowiedzi
Hint Odpowiedź % Poprawnych
Donald Tusk
97%
Andrzej Duda
96%
Pablo Picasso
95%
Magda Gessler
94%
Jarosław Kaczyńsk*
94%
Sławomir Mentzen
94%
Józef Piłsudsk*
94%
Albert Einstein
93%
Robert Lewandowsk*
93%
Henryk Sienkiewicz
92%
Tadeusz Kościuszko
89%
Lech ( nie K. ) Wałęsa
87%
Maria Skłodowsk*-Curie
84%
Stanisław Moniuszko
80%
Karol Wiśniewsk*
71%
Nie znaleziono quizów pasujących do podanych kryteriów
Rozkład punktacji
Procent ludzi z każdym wynikiem
Percentyl według liczby udzielonych odpowiedzi
Twoja historia wyników
Nie rozwiązałeś tego quizu